MARC details
| 000 -CABECERA |
| campo de control de longitud fija |
00853cam a2200253 a 4500 |
| 001 - NÚMERO DE CONTROL |
| campo de control |
000004579 |
| 005 - FECHA Y HORA DE LA ÚLTIMA TRANSACCIÓN |
| campo de control |
20200929151450.0 |
| 008 - DATOS DE LONGITUD FIJA--INFORMACIÓN GENERAL |
| campo de control de longitud fija |
901114s1980 sp a 001 p spa |
| 020 ## - NÚMERO INTERNACIONAL ESTÁNDAR DEL LIBRO |
| Número Internacional Estándar del Libro |
8470532219 (obra complera) |
| 020 ## - NÚMERO INTERNACIONAL ESTÁNDAR DEL LIBRO |
| Número Internacional Estándar del Libro |
8470532235 (v. 2) |
| 040 ## - FUENTE DE LA CATALOGACIÓN |
| Centro catalogador/agencia de origen |
DO-SdBNP |
| Centro/agencia transcriptor |
DLC |
| Centro/agencia modificador |
DLC |
| 041 17 - CÓDIGO DE LENGUA |
| Código de lengua del texto/banda sonora o título independiente |
spa |
| Código de lengua original |
ger |
| Fuente del código |
Código de idioma MARC |
| 082 ## - NÚMERO DE LA CLASIFICACIÓN DECIMAL DEWEY |
| Número de clasificación |
831.914 |
| Número de documento/Ítem |
B744v |
| 100 1# - ENTRADA PRINCIPAL--NOMBRE DE PERSONA |
| Nombre de persona |
Boso, Felipe |
| Forma completa/desarrollada del nombre |
(Felipe Segundo Fernández Alonso), |
| Fechas asociadas al nombre |
1924-1983. |
| 9 (RLIN) |
13364 |
| 245 10 - MENCIÓN DE TÍTULO |
| Título |
Veintiun poetas alemanes : |
| Resto del título |
1945 a 1975 / |
| Mención de responsabilidad, etc. |
Felipe Boso. |
| 260 ## - PUBLICACIÓN, DISTRIBUCIÓN, ETC. |
| Lugar de publicación, distribución, etc. |
Madrid : |
| Nombre del editor, distribuidor, etc. |
Visor, |
| Fecha de publicación, distribución, etc. |
1980. |
| 300 ## - DESCRIPCIÓN FÍSICA |
| Extensión |
2 v. : |
| Otras características físicas |
il. ; |
| Dimensiones |
20 cm. |
| 490 1# - MENCIÓN DE SERIE |
| Mención de serie |
Visor de poesía ; |
| Designación de volumen o secuencia |
95. |
| 500 ## - NOTA GENERAL |
| Nota general |
La biblioteca posee el vol. 2. |
| 650 #4 - PUNTO DE ACCESO ADICIONAL DE MATERIA--TÉRMINO DE MATERIA |
| Término de materia o nombre geográfico como elemento de entrada |
Poesía alemana |
| Subdivisión cronológica |
SIGLO XX |
| 9 (RLIN) |
13365 |
| 650 #4 - PUNTO DE ACCESO ADICIONAL DE MATERIA--TÉRMINO DE MATERIA |
| Término de materia o nombre geográfico como elemento de entrada |
Literatura alemana |
| 9 (RLIN) |
3274 |
| 830 #0 - PUNTO DE ACCESO ADICIONAL DE SERIE-TÍTULO UNIFORME |
| Título uniforme |
Visor de poesía ; |
| Designación de volumen o secuencia |
95. |
| 9 (RLIN) |
13366 |
| 910 ## - DATOS DE OPCIÓN DEL USUARIO (OCLC) |
| Datos de opción del usuario |
Catalogación por copia / LC |